Differential equations with MATLAB/ (Record no. 9833)
[ view plain ]
| 000 -LEADER | |
|---|---|
| fixed length control field | 00764nam a22002537a 4500 |
| 003 - CONTROL NUMBER IDENTIFIER | |
| control field | OSt |
| 005 - DATE AND TIME OF LATEST TRANSACTION | |
| control field | 20260424030232.0 |
| 008 - FIXED-LENGTH DATA ELEMENTS--GENERAL INFORMATION | |
| fixed length control field | 260424b |||||||| |||| 00| 0 eng d |
| 020 ## - INTERNATIONAL STANDARD BOOK NUMBER | |
| International Standard Book Number | 0-471-71812-2 |
| 040 ## - CATALOGING SOURCE | |
| Original cataloging agency | DWC-Main lib. |
| Transcribing agency | OC |
| 082 ## - DEWEY DECIMAL CLASSIFICATION NUMBER | |
| Edition number | 2nd ed. |
| Classification number | Circ. 517.38 Ed96d 2000 |
| 100 ## - MAIN ENTRY--PERSONAL NAME | |
| Personal name | Hunt, Brian R. |
| 245 ## - TITLE STATEMENT | |
| Title | Differential equations with MATLAB/ |
| Statement of responsibility, etc. | Brian R. Hunt |
| 260 ## - PUBLICATION, DISTRIBUTION, ETC. | |
| Place of publication, distribution, etc. | Massachusetts : |
| Name of publisher, distributor, etc. | John Wiley & Sons, |
| Date of publication, distribution, etc. | c2005. |
| 300 ## - PHYSICAL DESCRIPTION | |
| Extent | x, 295 p. ; |
| Dimensions | 23 cm. |
| 650 ## - SUBJECT ADDED ENTRY--TOPICAL TERM | |
| Topical term or geographic name entry element | 1. Differential equations. |
| 650 ## - SUBJECT ADDED ENTRY--TOPICAL TERM | |
| Topical term or geographic name entry element | 2. Numerical solutions. |
| 650 ## - SUBJECT ADDED ENTRY--TOPICAL TERM | |
| Topical term or geographic name entry element | 3. Data Processing. |
| 700 ## - ADDED ENTRY--PERSONAL NAME | |
| Personal name | Lipsman, Ronald L. |
| 700 ## - ADDED ENTRY--PERSONAL NAME | |
| Personal name | Osborn, John E. |
| 700 ## - ADDED ENTRY--PERSONAL NAME | |
| Personal name | Rosenberg, Jonathan M. |
| 760 ## - MAIN SERIES ENTRY | |
| Edition | 2nd ed. |
| 942 ## - ADDED ENTRY ELEMENTS (KOHA) | |
| Source of classification or shelving scheme | Dewey Decimal Classification |
| Koha item type | Book Circulation |
| Edition | 2nd ed. |
| Classification part | Circ. |
| Suppress in OPAC | No |
| 952 ## - LOCATION AND ITEM INFORMATION (KOHA) | |
| -- | |
| Withdrawn status | Lost status | Source of classification or shelving scheme | Damaged status | Not for loan | Home library | Current library | Shelving location | Date acquired | Source of acquisition | Total Checkouts | Full call number | Barcode | Date last seen | Copy number | Price effective from | Koha item type | Uniform Resource Identifier |
|---|---|---|---|---|---|---|---|---|---|---|---|---|---|---|---|---|---|
| Dewey Decimal Classification | College Library | College Library | Circulation | 05/29/2003 | School Fund | Circ. 518.622 H939 2005 | CL43404 | 04/24/2026 | c1 | 04/24/2026 | BK-CIRC |